000 00345nam a22001337a 4500
005 20160204114213.0
008 160204b xxu||||| |||| 00| 0 eng d
040 _cPK-LaUMT
082 _aAMC 973.3
_bAME-
245 _aThe American revolution
_cHugh F. Rankin(Edit
260 _aLondon
_bSecker & warburg
_c1964
300 _a382 p.
942 _cBK
999 _c82625
_d82625